Sistem analizi ve tasarımı (Record no. 15277)

MARC details
000 -BAŞLIK
Sabit Uzunlukta Kontrol Alanı 00889nam a22002657a 4500
999 ## - SİSTEM KONTROL NUMARALARI (KOHA)
Koha Biblionumber 15277
Koha Biblioitemnumber 15277
003 - KONTROL NUMARASI IDENTIFIER
Denetim Alanı MIRAKIL
005 - SON İŞLEM TARİHİ VE ZAMANI
Denetim Alanı 20240206113750.0
008 - SABİT-BOY VERİ ELEMANLARI - GENEL BİLGİLER
Sabit Uzunlukta Kontrol Alanı 240206b tu ||||| |||| 00| 0 tur d
020 ## - ULUSLARARASI STANDART KİTAP NUMARASI
Uluslararası Standart Kitap Numarası 9786059129497
040 ## - KATALOGLAMA KAYNAK
Orijinal Kataloglama Ajansı TR-AnCHP
Metne Dönüştürmek Ajansı TR-AnCHP
041 ## - DİL KODU
Metin / Ses Parça Veya Ayrı Başlığın Dil Kodu Türkçe
082 ## - DEWEY ONLU SINIFLANDIRMA NUMARASI
Sınıflandırma Numarası 004.2
Ürün Numarası Ü54S 2017
090 ## - SINIFLAMA NUMARASI
Sınıflama Numarası 004.2 Ü54S 2017
100 1# - ANA GİRİŞ - KİŞİSEL İSİM
Kişisel Ad Ünlü, Nafiz
Adının Fuller Formu (Dr.).
245 10 - BAŞLIK TABLOSU
Başlık Sistem analizi ve tasarımı
Başlığın Kalan UML ile nesne tabanlı yaklaşım
Sorumluluk Tablosu, Vb Nafiz Ünlü
246 ## - UNVAN FORM VARYING
Başlık Doğru / Kısa Başlığı UML ile nesne tabanlı yaklaşım
250 ## - EDITION TABLOSU
Baskı Beyanı 1. bs.
260 ## - YAYIN, DAĞITIM, VB
Yayın, Dağıtım, Vb Yeri İstanbul
Yayıncı, Dağıtıcı, Vs Adı Abaküs
Yayın, Dağıtım, Vb Tarihi 2017
300 ## - FİZİKSEL TANIM
Kapsam 287 s.
Diğer Fiziksel Ayrıntıları şkl., tbl.
Boyutlar 24 cm.
490 0# - SERİSİ TABLOSU
Seri Beyanı Abaküs Kitap Yayın Dağıtım
Hacim / Ardışık Tanımı 086
504 ## - KAYNAKÇA VB NOT
Kaynakça Vb Notu Kaynakça vardır.<br/>
650 #0 - KONU KATMA GİRİŞ - TOPİKAL DÖNEM
9 (RLIN) 7440
Topikal Süreli Veya Coğrafi Ad Giriş Elemanı Sistem analizi veri tasarımı
Genel Alt Bölümü Bilgisayar Bilimi
856 ## - ELEKTRONİK YER VE ERİŞİM
Kamu Notu Dijital Nüshası için Partimizin Kütüphane Sorumlusu ile iletişime geçiniz.
942 ## - EKLENDİ GİRİŞ ELEMANLARI (KOHA)
Sınıflandırma Veya Raf Düzeni Kaynak Dewey Decimal Classification
Koha Öğesi Türü Books
Holdings
Kalıcı Konum Mevcut Konum Edinme Tarihi Toplam Check-Out'Lar Tam Çağrı Numarası Barkod Tarih Son Görülme İtibaren Geçerli Fiyatlar Koha Öğesi Türü
CHP Kütüphanesi CHP Kütüphanesi 02/06/2024   004.2 Ü54S 2017 20868 02/06/2024 02/06/2024 Books